Retail store image of selected departmental stores /
محفوظ في:
| المؤلف الرئيسي: | |
|---|---|
| التنسيق: | أطروحة كتاب |
| اللغة: | English |
| منشور في: |
1993.
|
| الموضوعات: | |
| الوسوم: |
إضافة وسم
لا توجد وسوم, كن أول من يضع وسما على هذه التسجيلة!
|
| LEADER | 01171cam a2200289 a 4500 | ||
|---|---|---|---|
| 001 | u330197 | ||
| 003 | SIRSI | ||
| 008 | 930811s1993 my t 00 eng m | ||
| 035 | |a ABP-3422 | ||
| 040 | |a UMM |d UME | ||
| 043 | |a a-my--- | ||
| 090 | |a HF5429.6 |b M4Won | ||
| 091 | |a Microfiche 13181 | ||
| 099 | |a 658.87 |b Won | ||
| 100 | 1 | 0 | |a Wong, Keen Ming. |
| 245 | 1 | 0 | |a Retail store image of selected departmental stores / |c by Wong Keen Ming. |
| 260 | |c 1993. | ||
| 300 | |a viii, 118 leaves; |c 29 cm. | ||
| 500 | |a Microfiche. Kuala Lumpur : University of Malaya Library, 1997. 2 fiches : negative ; 11 x 15 m. | ||
| 502 | |a Dissertation (M.B.A.) -- Fakulti Ekonomi dan Pentadbiran, Universiti Malaya, 1993. | ||
| 650 | 0 | |a Retail trade |z Malaysia. | |
| 650 | 0 | |a Department stores |z Malaysia. | |
| 948 | |a 11/08/1993 |b 25/11/2000 | ||
| 596 | |a 1 9 | ||
| 999 | |a HF5429.6 M4WON |w LC |c 1 |i A504454184 |d 20/3/2002 |l STACKS |m P01UTAMA |n 5 |r Y |s Y |t TESIS |u 11/8/1993 | ||
| 999 | |a HF5429.6 M4WON |w LC |c 2 |i A504454193 |d 23/4/2009 |e 23/4/2009 |l B_KOM4 |m P01UTAMA |n 17 |r Y |s Y |t TESIS |u 11/8/1993 |o .PUBLIC. BKOM 4 : 42546 | ||
| 999 | |a TESIS 658.87 WON |w LC |c 1 |i A506301666 |l DISCARD |m P09EKONOMI |r Y |s Y |t TESIS |u 9/10/1997 | ||
